<?xml version="1.0" encoding="UTF-8"?>
<record
    xmlns:xsi="http://www.w3.org/2001/XMLSchema-instance"
    xsi:schemaLocation="http://www.loc.gov/MARC21/slim http://www.loc.gov/standards/marcxml/schema/MARC21slim.xsd"
    xmlns="http://www.loc.gov/MARC21/slim">

  <leader>01980nam a2200325 a 4500</leader>
  <controlfield tag="005">20200104041547.0</controlfield>
  <controlfield tag="008">130808b2004    ck ||||| |||| 00| 0 spa d</controlfield>
  <datafield tag="041" ind1=" " ind2=" ">
    <subfield code="a">spa</subfield>
  </datafield>
  <datafield tag="090" ind1=" " ind2=" ">
    <subfield code="a">IAVH</subfield>
    <subfield code="b">00225</subfield>
  </datafield>
  <datafield tag="100" ind1="1" ind2="0">
    <subfield code="a">Hernandez P., Sarah</subfield>
    <subfield code="9">27317</subfield>
  </datafield>
  <datafield tag="245" ind1="1" ind2=" ">
    <subfield code="a">S&#xED;ntesis de la informaci&#xF3;n bibliogr&#xE1;fica secundaria (textos t&#xE9;cnicos y serie de datos), como insumo al diagn&#xF3;stico biof&#xED;sico-socioecon&#xF3;mico-hist&#xF3;rico-cultural, del santuario de fauna y flora de Iguaque y de la cuenca del r&#xED;o Iguaque-Cane</subfield>
  </datafield>
  <datafield tag="260" ind1=" " ind2=" ">
    <subfield code="a">Villa de Leyva</subfield>
    <subfield code="b">Instituto Alexander von Humboldt</subfield>
    <subfield code="c">2004</subfield>
  </datafield>
  <datafield tag="300" ind1=" " ind2=" ">
    <subfield code="a">215 p.</subfield>
  </datafield>
  <datafield tag="500" ind1=" " ind2=" ">
    <subfield code="a">Bibliograf&#xED;as Flora y Fauna, Iguaque y cuencia del Rio Iguaque-Cne</subfield>
  </datafield>
  <datafield tag="520" ind1=" " ind2=" ">
    <subfield code="a">Contiene informaci&#xF3;n relacionda con el dise&#xF1;o y la implementaci&#xF3;n de incentivos para la conservaci&#xF3;n y uso sostenible de la diversidad biol&#xF3;gica. Contiene un an&#xE1;lisis macroecon&#xF3;mico de las pol&#xED;ticas y su incidencia en  materia de conservaci&#xF3;n y uso de la biodiversidad para identificar aquellas variables de mayor incidencia en el entorno institucional sobre el cual los actores toman decisiones.  Tambi&#xE9;n incluye un an&#xE1;lisis microecon&#xF3;mico del comportamiento de los actores sociales enfrentados a una elecci&#xF3;n frente a la utilizaci&#xF3;n y manejo de los recursos asociados a la diversidad biol&#xF3;gica.  Posee una caracterizaci&#xF3;n biof&#xED;sica, biol&#xF3;gica y socioecon&#xF3;mica del &#xE1;rea de estudio y unas conclusiones sobre su diagn&#xF3;stico</subfield>
  </datafield>
  <datafield tag="650" ind1=" " ind2=" ">
    <subfield code="a">Fauna amenazada </subfield>
    <subfield code="9">1355</subfield>
  </datafield>
  <datafield tag="650" ind1=" " ind2=" ">
    <subfield code="a">Aves</subfield>
    <subfield code="9">27318</subfield>
  </datafield>
  <datafield tag="650" ind1=" " ind2=" ">
    <subfield code="a">Fauna</subfield>
    <subfield code="v">Bibliograf&#xED;as</subfield>
    <subfield code="z">Iguaque</subfield>
    <subfield code="9">27319</subfield>
  </datafield>
  <datafield tag="650" ind1=" " ind2=" ">
    <subfield code="a">Flora</subfield>
    <subfield code="v">Bibliograf&#xED;as</subfield>
    <subfield code="z">Iguaque</subfield>
    <subfield code="9">27320</subfield>
  </datafield>
  <datafield tag="650" ind1=" " ind2=" ">
    <subfield code="a">Conservaci&#xF3;n de la biodiversidad</subfield>
    <subfield code="9">56</subfield>
  </datafield>
  <datafield tag="650" ind1=" " ind2=" ">
    <subfield code="a">Especies amenazadas </subfield>
    <subfield code="9">157</subfield>
  </datafield>
  <datafield tag="650" ind1=" " ind2=" ">
    <subfield code="a">Listas rojas UICN </subfield>
    <subfield code="9">1359</subfield>
  </datafield>
  <datafield tag="650" ind1=" " ind2=" ">
    <subfield code="a">Extinci&#xF3;n</subfield>
    <subfield code="9">1360</subfield>
  </datafield>
  <datafield tag="650" ind1=" " ind2=" ">
    <subfield code="a">Avifauna</subfield>
    <subfield code="9">27323</subfield>
  </datafield>
  <datafield tag="700" ind1=" " ind2=" ">
    <subfield code="a">Ruiz, Cesar A.</subfield>
    <subfield code="9">1361</subfield>
  </datafield>
  <datafield tag="700" ind1=" " ind2=" ">
    <subfield code="a">Murtinho, Felipe</subfield>
    <subfield code="9">1362</subfield>
  </datafield>
  <datafield tag="700" ind1=" " ind2=" ">
    <subfield code="a">Rodr&#xED;guez, Jean Carlos</subfield>
    <subfield code="9">1343</subfield>
  </datafield>
  <datafield tag="942" ind1=" " ind2=" ">
    <subfield code="c">INFORME</subfield>
    <subfield code="2">z</subfield>
  </datafield>
  <datafield tag="945" ind1=" " ind2=" ">
    <subfield code="d">2004-08-31</subfield>
  </datafield>
  <datafield tag="999" ind1=" " ind2=" ">
    <subfield code="c">4136</subfield>
    <subfield code="d">4136</subfield>
  </datafield>
  <datafield tag="952" ind1=" " ind2=" ">
    <subfield code="0">0</subfield>
    <subfield code="1">0</subfield>
    <subfield code="2">z</subfield>
    <subfield code="4">0</subfield>
    <subfield code="7">0</subfield>
    <subfield code="8">HUMBOLDT</subfield>
    <subfield code="I">INV2017</subfield>
    <subfield code="a">Bogota</subfield>
    <subfield code="b">Bogota</subfield>
    <subfield code="d">2004-08-31</subfield>
    <subfield code="e">Hernandez, Sarah</subfield>
    <subfield code="l">0</subfield>
    <subfield code="o">IAVH-00225</subfield>
    <subfield code="p">016541</subfield>
    <subfield code="r">2024-08-09 00:00:00</subfield>
    <subfield code="t">Ej.2</subfield>
    <subfield code="w">2012-12-04</subfield>
    <subfield code="x">Dep&#xF3;sito Institucional</subfield>
    <subfield code="y">INFORME</subfield>
  </datafield>
  <datafield tag="952" ind1=" " ind2=" ">
    <subfield code="0">0</subfield>
    <subfield code="1">0</subfield>
    <subfield code="2">ddc</subfield>
    <subfield code="4">0</subfield>
    <subfield code="7">0</subfield>
    <subfield code="8">HUMBOLDT</subfield>
    <subfield code="a">Villa</subfield>
    <subfield code="b">Villa</subfield>
    <subfield code="d">2006-02-13</subfield>
    <subfield code="l">0</subfield>
    <subfield code="o">IAVH-00225</subfield>
    <subfield code="p">016542</subfield>
    <subfield code="r">2012-12-04 00:00:00</subfield>
    <subfield code="t">Ej.1</subfield>
    <subfield code="w">2012-12-04</subfield>
    <subfield code="y">INFORME</subfield>
  </datafield>
</record>
